|
|
|
|
| LEADER |
01566nam a2200421Ia 4500 |
| 001 |
EBC574650 |
| 003 |
MiAaPQ |
| 005 |
20200520144314.0 |
| 006 |
m o d | |
| 007 |
cr cn||||||||| |
| 008 |
100129s2010 nyu sb 001 0 eng d |
| 010 |
|
|
|z 2010002724
|
| 020 |
|
|
|z 9780415881029 (hardback : alk. paper)
|
| 020 |
|
|
|z 0415881021 (hardback : alk. paper)
|
| 020 |
|
|
|z 9780415881036 (pbk. : alk. paper)
|
| 020 |
|
|
|z 041588103X (pbk. : alk. paper)
|
| 020 |
|
|
|a 9780203847176 (electronic bk.)
|
| 020 |
|
|
|a 0203847172 (electronic bk.)
|
| 035 |
|
|
|a (MiAaPQ)EBC574650
|
| 035 |
|
|
|a (Au-PeEL)EBL574650
|
| 035 |
|
|
|a (CaPaEBR)ebr10416718
|
| 035 |
|
|
|a (CaONFJC)MIL278145
|
| 035 |
|
|
|a (OCoLC)664551733
|
| 040 |
|
|
|a MiAaPQ
|c MiAaPQ
|d MiAaPQ
|
| 050 |
|
4 |
|a HD58.8
|b .S37 2010
|
| 082 |
0 |
4 |
|a 658.4/06
|2 22
|
| 100 |
1 |
|
|a Schultz, John Roland,
|d 1939-
|
| 245 |
1 |
0 |
|a Making it all work
|h [electronic resource] :
|b a pocket guide to sustain improvement and anchor change /
|c John Roland Schultz.
|
| 260 |
|
|
|a New York :
|b Routledge,
|c 2010.
|
| 300 |
|
|
|a xiv, 149 p.
|
| 504 |
|
|
|a Includes bibliographical references and index.
|
| 533 |
|
|
|a Electronic reproduction. Ann Arbor, MI : ProQuest, 2015. Available via World Wide Web. Access may be limited to ProQuest affiliated libraries.
|
| 650 |
|
0 |
|a Organizational change.
|
| 650 |
|
0 |
|a Business communication.
|
| 650 |
|
0 |
|a Management.
|
| 655 |
|
4 |
|a Electronic books.
|
| 710 |
2 |
|
|a ProQuest (Firm)
|
| 856 |
4 |
0 |
|u https://ebookcentral.proquest.com/lib/matrademy/detail.action?docID=574650
|z Click to View
|